书目信息 |
| 题名: |
饰面设计终极指南
|
|
| 作者: | ;陈靖远 译 ;X-Knowledge出版社 编著 | |
| 分册: | ||
| 出版信息: | 武汉 华中科技大学出版社 2016.10 |
|
| 页数: | 205页 | |
| 开本: | 28cm | |
| 丛书名: | ||
| 单 册: | ||
| 中图分类: | TU56 | |
| 科图分类: | ||
| 主题词: | 饰面--装饰材料--建筑设计 | |
| 电子资源: | ||
| ISBN: | 978-7-5609-9785-8 | |
| 000 | 01031nam0 2200253 450 | |
| 001 | 0400005957 | |
| 005 | 20171031153459.0 | |
| 010 | @a978-7-5609-9785-8@dCNY128.00 | |
| 100 | @a20150601d2016 em y0chiy50 ea | |
| 101 | 1 | @achi@cjpn |
| 102 | @aCN@b420000 | |
| 105 | @aa z 000yy | |
| 106 | @ar | |
| 200 | 1 | @a饰面设计终极指南@Ashi mian she ji zhong ji zhi nan@dPractical guide for surface material design@fX-Knowledge Co., Ltd.编著@g陈靖远译@zeng |
| 210 | @a武汉@c华中科技大学出版社@d2016.10 | |
| 215 | @a205页@c图@d28cm | |
| 330 | @a本书收录了内藤广、桥本夕纪夫等多位知名设计师的作品,内含13种饰面材料的详细解析、21种不同风格饰面的方法、24种饰面处理实例+8种特殊饰面处理实例,还有专业涂装店分享的10种超实用知识。 | |
| 510 | 1 | @aPractical guide for surface material design@zeng |
| 606 | 0 | @a饰面@x装饰材料@x建筑设计 |
| 690 | @aTU56@v5 | |
| 702 | 0 | @a陈靖远@Achen jing yuan@4译 |
| 711 | 02 | @c(日)@aX-Knowledge出版社@AX-Knowledge chu ban she@4编著 |
| 801 | 0 | @aCN@b上海新华@c20171031 |
| 905 | @b1023755-9@dTU56@e1369@f5 | |
| 饰面设计终极指南=Practical guide for surface material design/X-Knowledge Co., Ltd.编著/陈靖远译.-武汉:华中科技大学出版社,2016.10 |
| 205页:图;28cm |
| ISBN 978-7-5609-9785-8:CNY128.00 |
| 本书收录了内藤广、桥本夕纪夫等多位知名设计师的作品,内含13种饰面材料的详细解析、21种不同风格饰面的方法、24种饰面处理实例+8种特殊饰面处理实例,还有专业涂装店分享的10种超实用知识。 |
| ● |
| 相关链接 |
|
|
|
|
正题名:饰面设计终极指南
索取号:TU56/1369
 
预约/预借
| 序号 | 登录号 | 条形码 | 馆藏地/架位号 | 状态 | 备注 |
| 1 | 1023755 | 210237554 | 第二样本阅览室/ [索取号:TU56/1369] | 在馆 | |
| 2 | 1023756 | 210237563 | 密集书库-生命科学系/ [索取号:TU56/1369] | 在馆 | |
| 3 | 1023757 | 210237572 | 第三借阅区/ [索取号:TU56/1369] | 在馆 | |
| 4 | 1023758 | 210237581 | 第三借阅区/ [索取号:TU56/1369] | 在馆 | |
| 5 | 1023759 | 210237590 | 第三借阅区/ [索取号:TU56/1369] | 在馆 |